| 000 | 01097nam0a22002651 4500 | ||
|---|---|---|---|
| 001 | rc\3958320 | ||
| 005 | 20250610132108.0 | ||
| 035 | _a(NLR Aleph) 007926619 | ||
| 090 |
_a8191881 _c8191881 |
||
| 100 | _a20130415d1955 |||y0rusy50 ca | ||
| 101 | 0 | _arus | |
| 102 | _aRU | ||
| 105 | _aa z ||||| | ||
| 200 | 1 |
_aРуководство по проведению испытаний судов при толкании _eПроект |
|
| 210 |
_aЛенинград _cБ. и. _d1955 |
||
| 215 |
_a[4], 22 с., 6 л. ил. _cил. _d30 |
||
| 225 | 1 |
_aМинистерство речного флота СССР. Центральный научно-исследовательский институт речного флота. Информационный сборник _vВып. 1 |
|
| 300 | _aЛитогр. | ||
| 300 | _aНа 1-й с. текста авт.: канд. техн. наук В.Н. Шушкин | ||
| 700 | 1 |
_aШушкин _bВ.Н. _gВладимир Николаевич |
|
| 801 | 0 |
_aRU _bNLR _gpsbo |
|
| 801 | 1 |
_aRU _bELAR _2rusmarc |
|
| 852 |
_aNLR _jП11/916 |
||
| 942 | _cBOOK | ||
| 980 | _aNB | ||